| 000 -CABECERA |
| Longitud fija campo de control |
01567nam a2200349 i 4500 |
| 001 - NÚMERO DE CONTROL |
| Número de control |
991060982776206706 |
| 003 - IDENTIFICADOR DEL NÚMERO DE CONTROL |
| Identificador del número de control |
OSt |
| 005 - FECHA Y HORA DE LA ÚLTIMA TRANSACCIÓN |
| Fecha y hora de la última transacción |
20231205111551.0 |
| 008 - CÓDIGOS DE INFORMACIÓN DE LONGITUD FIJA |
| Códigos de información de longitud fija |
230524e202302 spc|||| |||| 0|0 0dcat| |
| 015 ## - NÚMERO DE BIBLIOGRAFÍA NACIONAL |
| Número de bibliografía nacional |
LL2023 |
| Fuente |
bnc |
| 017 ## - NÚMERO DE COPYRIGHT O DE DEPÓSITO LEGAL |
| Número de copyright o de depósito legal |
DL B 6855-2023 |
| Agencia que asigna el número |
Biblioteca de Catalunya |
| 020 ## - NÚMERO INTERNACIONAL NORMALIZADO PARA LIBROS |
| Número Internacional Normalizado para Libros (ISBN) |
9788412616125 |
| 040 ## - FUENTE DE LA CATALOGACIÓN |
| Centro catalogador de origen |
ES-BaBC |
| Lengua de catalogación |
cat |
| Normas de descripción |
rda |
| Centro transcriptor |
CDMR |
| 041 0# - CÓDIGO DE LENGUA |
| Código de lengua del texto/banda sonora o título independiente |
cat |
| -- |
spa |
| 043 ## - CÓDIGO DE ÁREA GEOGRÁFICA |
| Código de área geográfica |
e-sp--- |
| Código local GAC |
e-spcba |
| Fuente del código local |
catmarc |
| 080 ## - NÚMERO DE LA CLASIFICACIÓN DECIMAL UNIVERSAL |
| Número de la Clasificación Decimal Universal |
654.191 |
| Subdivisión auxiliar común |
(460.23 Ba Hospitalet de Llobregat) |
| -- |
(091) |
| Identificador de la edición |
2004 |
| 080 ## - NÚMERO DE LA CLASIFICACIÓN DECIMAL UNIVERSAL |
| Número de la Clasificación Decimal Universal |
654.195 |
| Subdivisión auxiliar común |
(460.23 Ba Hospitalet de Llobregat) |
| -- |
(091) |
| Identificador de la edición |
2004 |
| 100 1# - PUNTO DE ACCESO PRINCIPAL-NOMBRE DE PERSONA |
| Nombre de persona |
Berbel, Lluís, |
| 245 10 - MENCIÓN DE TÍTULO |
| Título |
Ràdio L'Hospitalet : la comunicació perduda : |
| Resto del título |
l'emissora que l'Ajuntament va obrir fa 40 anys i va tancar fa una dècada, com si fos seva / |
| Mención de responsabilidad, etc. |
Lluís Berbel ...[et al.] |
| 264 #1 - PRODUCCIÓN, PUBLICACIÓN , DISTRIBUCIÓN, FABRICACIÓN Y COPYRIGHT |
| Lugar de producción, publicación, distribución, fabricación |
L'Hospitalet : |
| Nombre del productor, editor, distribuidor, fabricante |
Foment de la Informació Crítica, |
| Fecha de de producción, publicación, distribución, fabricación o copyright |
2023 |
| 300 ## - DESCRIPCIÓN FÍSICA |
| Extensión |
144 pàgines : |
| Otras características físicas |
il·lustracions en color ; |
| Dimensiones |
22 cm |
| 500 ## - NOTA GENERAL |
| Nota general |
Inclou codis QR amb accés a contingut addicional |
| 505 ## - NOTA DE CONTENIDO CON FORMATO |
| Nota de contenido con formato |
Conté aportacions de: Lluís Berbel, Ildefonso Cabrera, Enrique Conde, Antoni Garcia Araus, Manolo Garrido, Carmen Juan, Fulgencio López, Álex Salmon, Marga Solé, Jesús A. Vila |
| 546 ## - NOTA DE LENGUA |
| Nota de lengua |
Text en català i castellà |
| 610 27 - PUNTO DE ACCESO ADICIONAL DE MATERIA - NOMBRE DE ENTIDAD CORPORATIVA |
| Nombre de entidad corporativa o nombre de jurisdicción como elemento inicial |
Radio L'Hospitalet |
| Subdivisió,n de materia general |
Història. |
| Fuente de encabezamiento o término |
lemac |
| 650 #7 - PUNTO DE ACCESO ADICIONAL DE MATERIA - TÉRMINO DE MATERIA |
| Término de materia o nombre geográfico como elemento inicial |
Radioemissores |
| Subdivisión geográfica |
Catalunya |
| -- |
Hospitalet de Llobregat |
| Subdivisión de materia general |
Història. |
| Fuente del encabezamiento o término |
lemac |
| 650 #7 - PUNTO DE ACCESO ADICIONAL DE MATERIA - TÉRMINO DE MATERIA |
| Término de materia o nombre geográfico como elemento inicial |
Radiodifusió |
| Subdivisión geográfica |
Catalunya |
| -- |
Hospitalet de Llobregat |
| Subdivisión de materia general |
Història. |
| Fuente del encabezamiento o término |
lemac |
| 710 2# - PUNTO DE ACCESO ADICIONAL - NOMBRE DE ENTIDAD |
| Nombre de entidad o nombre de jurisdicción como elemento inicial |
Associació Foment de la Informació Crítica. |
| 908 ## - CONTROL DE PARÁMETROS (RLIN) |
| Parametro de comando lanzado |
BC |
| 940 ## - |
| T&íacute;tulo uniforme |
<a href="BC">BC</a> |
| 942 ## - ENTRADA DE ELEMENTOS AGREGADOS (KOHA) |
| Fuente de clasificaión o esquema |
|
| Koha [por defecto] tipo de item |
Monografies |